Nada más que una noche /

Guardado en:
Autor Principal: Franco, Anabella.
Formato: Libro
Idioma:Undetermined
Publicado: Buenos Aires : Ediciones B, 2014.
Materias:
Etiquetas: Agregar Etiqueta
Sin Etiquetas, Sea el primero en etiquetar este registro!
LEADER 00579nam a22001935a 4500
001 CEM.cems020086
008 230509s2014####ag############000#0#und#d
005 20230509124305.0
245 1 0 |a Nada más que una noche /  |c Anabella Franco. 
260 |a Buenos Aires :  |b Ediciones B,  |c 2014. 
300 |a 496 p. ;  |c 19 cm. 
020 |a 9789876274494 
100 1 |a Franco, Anabella. 
653 |a Literatura 
653 |a Literatura argentina 
653 |a Novela 
653 |a Novela romántica 
653 |a Literatura romántica 
859 |a CEMS  |b BIB. CEMS - Agricultura  |h A863.4  |i F848  |p A3551.23  |t Ej.1